Genetics: A conceptual approach (Record no. 395826)

MARC details
000 -LEADER
fixed length control field 00495 a2200205 4500
005 - DATE & TIME
control field 20260213162947.0
008 - FIXED-LENGTH DATA ELEMENTS--GENERAL INFORMATION
fixed length control field 260213b |||||||| |||| 00| 0 eng d
020 ## - ISBN
International Standard Book Number 9781647400125
Price $ 154.99
040 ## - CATALOGING SOURCE
Original cataloging agency VIVEKANANDA LIBRARY
082 ## - DDC NUMBER
Classification number 575.1
Book Number K897G
100 ## - MAIN ENTRY--PERSONAL NAME
Personal name Kripke, Malcolm
245 ## - TITLE STATEMENT
Title Genetics: A conceptual approach
260 ## - PUBLICATION, DISTRIBUTION, ETC. (IMPRINT)
Name of publisher, distributor, etc Syrawood
Date of publication, distribution, etc 2020
Place of publication, distribution, etc New York
300 ## - PHYSICAL DESCRIPTION
Pages viii, 215
650 ## - Subject
Subject Genetics
650 ## - Subject
Subject Biology
650 ## - Subject
Subject Embryology
650 ## - Subject
Subject Genomes
942 ## - ADDED ENTRY ELEMENTS (KOHA)
Koha item type Books
Holdings
Withdrawn status Lost status Source of classification or shelving scheme Damaged status Not for loan Location (home branch) Sublocation or collection (holding branch) Shelving location Date acquired Koha issues (times borrowed) Koha full call number Accession No. Koha date last seen Koha item type
    Dewey Decimal Classification     VIVEKANANDA LIBRARY VIVEKANANDA LIBRARY Vivekananda Library 22/01/2026   575.1 K897G 444496 22/01/2026 Books
© Designed and Maintained by Vivekananda Library, MDU Rohtak